MARC

LEADER 00000nam0a2200000 4500
001 257682
005 20231031220003.0
010 |a 5229001453 
035 |a (RuTPU)RU\TPU\book\280499 
090 |a 257682 
100 |a 20140418d1988 k y0rusy50 ca 
101 0 |a rus 
102 |a RU 
105 |a a z 001zy 
200 1 |a Энергосберегающие методы интенсификации сталеплавильных процессов  |f И. И. Кобеза 
210 |a Москва  |c Металлургия  |d 1988 
215 |a 167 с.  |c ил. 
225 1 |a Проблемы сталеплавильного производства 
320 |a Библиогр.: с. 163-166. 
606 1 |a Сталеплавильное производство  |x Интенсификация  |2 stltpush  |3 (RuTPU)RU\TPU\subj\56186 
610 1 |a энергосбережение 
610 1 |a теплообмен 
610 1 |a факелы 
610 1 |a топливо 
610 1 |a продувка 
610 1 |a эффективность 
610 1 |a сжигание 
675 |a 669.18.013  |v 3 
700 1 |a Кобеза  |b И. И.  |g Иван Иванович 
801 1 |a RU  |b 63413507  |c 20140418 
801 2 |a RU  |b 63413507  |c 20150115  |g RCR 
942 |c BK